000 01102nam a22003377a 4500
003 CHAP
005 20220329143848.0
008 120306s1989 us r 00010 eng d
010 _a102907
011 _a103879
020 _a0471609196
035 _a114568
040 _cCHAP
082 0 4 _a634.98068
_bV42y
100 1 _aVardaman, James M.
_9117922
245 1 0 _aHow to make money growing trees
_c/por James M. Vardaman
260 _aDanvers, Ma. :
_bWiley,
_c1989
300 _avii, 296 p. :
_bilus.
590 _aBATCH-UPD
_b10
_c20130110
_lUCH01
_h0902
590 _aBATCH-UPD
_b10
_c20130410
_lUCH01
_h0530
590 _aBATCH-UPD
_b10
_c20130914
_lUCH01
_h0703
590 _aCONVERSION
_b10
_c20130109
_lUCH01
_h1357
650 0 4 _aBosques
_xAdministración.
_914003
650 0 4 _aIndustria maderera.
_957872
650 0 4 _aMadera
_xMercadeo.
_969612
650 0 4 _aPlantación de árboles.
_988782
650 0 4 _aSilvicultura
_xAspectos económicos.
_9106111
901 _aBK
942 _cLIBRO
949 _a634.98068 V42y
_bBC
_cLIBRO
_d33724002327520
_eLIBRO
_gI.260153
_h116359
_i114568
_sb
_t$2.024.33
999 _c102907
_d102907